000 02228nam a2200277Ia 4500
003 OSt
005 20210917140358.0
008 210310s1978 mx ad fr 001 0 spa d
040 _aCO-JMCR
_cCO-JMCR
041 1 _aspa
_heng
082 0 4 _a339.5 /
_bB821t
_223
100 1 _aBranson, William H.,
_917607
_eautor
245 1 0 _aTeoría y política macroeconómica /
_cWilliam H. Branson ; traducción de Jaime Herrera Rojas y Eduardo L. Suárez
250 _aPrimera edición en español
260 _aMéxico :
_bFondo de Cultura Económica,
_c1978
300 _a627 páginas :
_bilustraciones y gráficas a blanco y negro ;
_c21 cm.
490 0 _aSección de obras de economía
500 _aIncluye índice analítico. Título original: Macroeconomic Theory and Policy
505 0 _aIntroducción a la macroeconomía -- Determinación del ingreso nacional: el modelo estático de equilibrio -- Funciones de la demanda sectorial y extensiones del modelo básico -- Crecimiento con pleno empleo: modelos de crecimiento agregados
520 3 _aEste libro, al igual que otros ilustres casos análogos, nació de las notas preparadas por el autor para dictar un curso universitario para posgraduados. En el caso de Branson, el curso fue dictado en la Universidad de Princeton. Según él mismo nos dice, el primer objetivo del libro es mostrar al lector el esqueleto de la macroeconomía, proporcionar una visión completa del trabajo experimental realizado hasta la fecha en los diversos sectores de la economía, familiarizar al estudiante con las relaciones cuantitativas del análisis empírico esencial y, por último, integrar la teoría del equilibrio estático general con los modelos de crecimiento. Desde el punto de vista metodológico el objetivo consiste en presentar una visión del equilibrio general de la macroeconomía partiendo de los principios microeconómicos básicos, dando así al lector una sensación intuitiva de la relación entre las funciones macroeconómicas y la conducta individual.
546 _aTraducido del inglés.
650 1 4 _aMacroeconomía
_917609
700 1 _aHerrera Rojas, Jaime,
_etraductor
_940624
700 1 _aSuárez, Eduardo L.,
_etraductor
_94465
942 _2ddc
_cBK
999 _c8553
_d8553